| 000 | 01478nam a22004337a 4500 | ||
|---|---|---|---|
| 003 | CHAP | ||
| 005 | 20220329140929.0 | ||
| 008 | 971013s1994 r 00010 d | ||
| 010 | _a59966 | ||
| 011 | _a60938 | ||
| 035 | _a65102 | ||
| 040 | _cCHAP | ||
| 082 |
_a634.3 _bD3 |
||
| 100 | 0 | 0 |
_aDavies, Frederick S. _931214 |
| 245 | _aCitrus | ||
| 260 |
_aOxon : _bCAB International, _c1994 |
||
| 300 |
_a254 p. _b: ilus. |
||
| 490 |
_aCrop production science in horticulture _v; 2 |
||
| 590 |
_aBATCH-UPD _b10 _c20130110 _lUCH01 _h0111 |
||
| 590 |
_aBATCH-UPD _b10 _c20130110 _lUCH01 _h0559 |
||
| 590 |
_aBATCH-UPD _b10 _c20130110 _lUCH01 _h2255 |
||
| 590 |
_aBATCH-UPD _b10 _c20130409 _lUCH01 _h2102 |
||
| 590 |
_aBATCH-UPD _b10 _c20130410 _lUCH01 _h1118 |
||
| 590 |
_aBATCH-UPD _b10 _c20130913 _lUCH01 _h2348 |
||
| 590 |
_aCONVERSION _b10 _c20130109 _lUCH01 _h1332 |
||
| 650 | 1 | 4 |
_aCítricos. _924392 |
| 650 | 1 | 4 |
_aCítricos _xCrecimiento. _924415 |
| 650 | 1 | 4 |
_aCítricos _xEfecto del medio ambiente. _924420 |
| 650 | 1 | 4 |
_aCítricos _xEnfermedades. _924423 |
| 650 | 1 | 4 |
_aCítricos _xFisiología y morfología. _924431 |
| 650 | 1 | 4 |
_aCítricos _xMalas hierbas. _924446 |
| 650 | 1 | 4 |
_aCítricos _xMejoramiento. _924448 |
| 650 | 1 | 4 |
_aCítricos _xPlagas. _924458 |
| 700 | 0 |
_aAlbrigo, L. G. _93525 |
|
| 830 | 0 |
_aCrop production science in horticulture _v; 2 _929172 |
|
| 901 | _aBK | ||
| 942 | _cLIBRO | ||
| 949 |
_a634.3 D3 _bBC _cLIBRO _d33724000084851 _eLIBRO _gI.181528 _h90424 _i65102 _si _t324.00 |
||
| 999 |
_c59966 _d59966 |
||